[Event "SVK-chT2C 1617"]
[Site "Slovakia"]
[Date "2016.12.04"]
[Round "6.4"]
[White "Haluska, Peter"]
[Black "Kerdik, Adam"]
[Result "1/2-1/2"]
[WhiteElo "1945"]
[BlackElo "2066"]
[PlyCount "74"]
[EventDate "2016.10.08"]
[EventType "team-tourn"]
[EventRounds "11"]
[EventCountry "SVK"]
[SourceTitle "EXT 2018"]
[Source "ChessBase"]
[SourceDate "2017.10.13"]
[SourceVersion "1"]
[SourceVersionDate "2017.10.13"]
[SourceQuality "1"]
[WhiteTeam "Dolny Kubin"]
[BlackTeam "Liptov Chess School III"]
[WhiteTeamCountry "SVK"]
[BlackTeamCountry "SVK"]

1. e4 e5 2. Nf3 Nc6 3. Bb5 a6 4. Bxc6 dxc6 5. d4 exd4 6. Qxd4 Qxd4 7. Nxd4 Bd7 8. Nc3 0-0-0 9. Nde2 Bc5 10. Bd2 Ne7 11. f3 Ng6 12. 0-0-0 f6 13. Be1 Ne5 14. b3 Rhe8 15. Kb2 b5 16. Rf1 Kb7 17. Bf2 Bf8 18. Nc1 Be6 19. N3e2 c5 20. Nf4 Bf7 21. Nfd3 Nd7 22. c3 c4 23. Nf4 Nc5 24. b4 Na4+ 25. Kc2 c5 26. a3 cxb4 27. axb4 a5 28. bxa5 Ka6 29. Nfe2 Kxa5 30. Rxd8 Rxd8 31. Rd1 Rxd1 32. Kxd1 b4 33. cxb4+ Kxb4 34. Kc2 Nc5 35. Be1+ Kb5 36. Nc3+ Kc6 37. N3e2 Kb5 1/2-1/2

[Event "SVK-chT2C 1516"]
[Site "Slovakia"]
[Date "2015.12.06"]
[Round "6.7"]
[White "Haluska, Peter"]
[Black "Hlavac, Pavol"]
[Result "1/2-1/2"]
[WhiteElo "1957"]
[BlackElo "1736"]
[PlyCount "54"]
[EventDate "2015.10.17"]
[EventType "team-tourn"]
[EventRounds "11"]
[EventCountry "SVK"]
[SourceTitle "CBM 169 Extra"]
[Source "ChessBase"]
[SourceDate "2015.12.18"]
[SourceVersion "1"]
[SourceVersionDate "2015.12.18"]
[SourceQuality "1"]
[WhiteTeam "Dolny Kubin"]
[BlackTeam "Liptovska Stiavnica"]
[WhiteTeamCountry "SVK"]
[BlackTeamCountry "SVK"]

1. e4 d5 2. exd5 Nf6 3. d4 Nxd5 4. Nf3 g6 5. Be2 Bg7 6. 0-0 0-0 7. h3 a6 8. c4 Nb6 9. Nc3 Nc6 10. Be3 e5 11. d5 Ne7 12. Bxb6 cxb6 13. Re1 Nf5 14. Bf1 Re8 15. Qb3 Bd7 16. Ne4 Qc7 17. Rad1 Nd6 18. Nxd6 Qxd6 19. Qe3 Rac8 20. Nd2 f5 21. Nf3 Bf6 22. Kh1 Kg7 23. Qd2 Re7 24. Ng5 e4 25. Ne6+ Bxe6 26. dxe6 Qxe6 27. b3 h6 1/2-1/2

[Event "Oravska Priehrada op"]
[Site "Oravska Priehrada"]
[Date "2015.08.23"]
[Round "6"]
[White "Haluska, Peter"]
[Black "Juhar, Roman"]
[Result "0-1"]
[WhiteElo "1932"]
[BlackElo "2146"]
[PlyCount "62"]
[EventDate "2015.08.21"]
[EventType "swiss"]
[EventRounds "7"]
[EventCountry "SVK"]
[SourceTitle "EXT 2016"]
[Source "ChessBase"]
[SourceDate "2015.10.08"]
[SourceVersion "1"]
[SourceVersionDate "2015.10.08"]
[SourceQuality "1"]

1. e4 e5 2. Nf3 Nc6 3. Bb5 Bc5 4. c3 Nf6 5. d3 d6 6. h3 0-0 7. 0-0 h6 8. Re1 Bd7 9. d4 exd4 10. cxd4 Bb6 11. Nc3 a6 12. Ba4 Ne7 13. Bb3 Be6 14. Bc2 c6 15. Be3 d5 16. e5 Nh7 17. Nh4 f5 18. exf6 Rxf6 19. Nf3 Bf5 20. Ne5 Bxc2 21. Qxc2 Nf5 22. Qd3 Nxe3 23. Rxe3 Ng5 24. Rae1 Rf4 25. Ne2 Re4 26. h4 Rxh4 27. f3 Ne6 28. g3 Rxd4 29. Qf5 Ng5 30. Ng6 Rd2 31. Ne7+ Qxe7 0-1

[Event "SVK-chT1E 1314"]
[Site "Slovakia"]
[Date "2014.03.23"]
[Round "11.6"]
[White "Haluska, Peter"]
[Black "Padar, Roland"]
[Result "1-0"]
[WhiteElo "1978"]
[BlackElo "1534"]
[PlyCount "59"]
[EventDate "2013.10.12"]
[EventType "team-tourn"]
[EventRounds "11"]
[EventCountry "SVK"]
[SourceTitle "EXT 2015"]
[Source "ChessBase"]
[SourceDate "2014.11.20"]
[SourceVersion "1"]
[SourceVersionDate "2014.11.20"]
[SourceQuality "1"]
[WhiteTeam "Dolny Kubin"]
[BlackTeam "Filakovo"]
[WhiteTeamCountry "SVK"]
[BlackTeamCountry "SVK"]

1. e4 e6 2. d4 d5 3. exd5 exd5 4. Bd3 Nf6 5. h3 Be7 6. Nf3 h6 7. 0-0 0-0 8. Re1 Re8 9. Be3 Be6 10. Nbd2 Nbd7 11. c3 c6 12. Ne5 Qc8 13. f4 Nf8 14. Qc2 c5 15. dxc5 Bxc5 16. Nb3 Bxe3+ 17. Rxe3 N8d7 18. Nxd7 Bxd7 19. Rae1 Qc7 20. Qf2 b6 21. Nd4 Kf8 22. Re5 Rxe5 23. fxe5 Ne4 24. Bxe4 dxe4 25. e6 Be8 26. Rxe4 f6 27. Qf5 Kg8 28. Rg4 Qc5 29. Qxf6 Qf8 30. Qxh6 1-0

[Event "SVK-chT2C 10/11"]
[Site "Slovakia"]
[Date "2010.10.24"]
[Round "2.4"]
[White "Haluska, Peter"]
[Black "Rusnak, Michal"]
[Result "1-0"]
[WhiteElo "1971"]
[BlackElo "1922"]
[PlyCount "33"]
[EventDate "2010.10.23"]
[EventType "team-tourn"]
[EventRounds "11"]
[EventCountry "SVK"]
[SourceTitle "EXT 2019"]
[Source "ChessBase"]
[SourceDate "2018.10.10"]
[SourceVersion "1"]
[SourceVersionDate "2018.10.10"]
[SourceQuality "1"]
[WhiteTeam "Dolny Kubin"]
[BlackTeam "Zilina DMS"]
[WhiteTeamCountry "SVK"]
[BlackTeamCountry "SVK"]

1. e4 c6 2. d4 d5 3. exd5 cxd5 4. Bd3 Nc6 5. c3 Nf6 6. h3 e6 7. Bf4 Be7 8. Nf3 Bd7 9. Nbd2 a6 10. 0-0 0-0 11. Qe2 b5 12. b4 Na7 13. Nb3 Nc8 14. Nc5 Nb6 15. Bc2 Nc4 16. a4 Bc6 17. Nxe6 1-0

[Event "SVK-chT2C 0910"]
[Site "Slovakia"]
[Date "2010.01.10"]
[Round "7.3"]
[White "Zavarsky, Juraj"]
[Black "Haluska, Peter"]
[Result "1-0"]
[WhiteElo "2094"]
[BlackElo "1988"]
[PlyCount "53"]
[EventDate "2009.10.10"]
[EventType "team-tourn"]
[EventRounds "11"]
[EventCountry "SVK"]
[SourceTitle "EXT 2011"]
[Source "ChessBase"]
[SourceDate "2010.11.26"]
[SourceVersion "1"]
[SourceVersionDate "2010.11.26"]
[SourceQuality "1"]
[WhiteTeam "Martin Medea"]
[BlackTeam "Dolny Kubin"]
[WhiteTeamCountry "SVK"]
[BlackTeamCountry "SVK"]

1. e4 e6 2. d4 d5 3. Nc3 dxe4 4. Nxe4 Nd7 5. Nf3 Ngf6 6. Nxf6+ Nxf6 7. Bd3 Be7 8. 0-0 0-0 9. Ne5 c5 10. dxc5 Bxc5 11. Bg5 Be7 12. Qe2 Qb6 13. c4 h6 14. Bh4 Rd8 15. Rad1 Kf8 16. Bb1 g5 17. Rxd8+ Bxd8 18. Bg3 Bd7 19. Kh1 Be8 20. f4 g4 21. f5 h5 22. fxe6 Qxe6 23. Bf5 Qb6 24. Qd2 Ng8 25. Bd7 Qh6 26. Qb4+ Be7 27. Qxb7 1-0

[Event "SVK-chT2C 0910"]
[Site "Slovakia"]
[Date "2009.10.10"]
[Round "1.7"]
[White "Kekely, Lubos"]
[Black "Haluska, Peter"]
[Result "1-0"]
[WhiteElo "2072"]
[BlackElo "1988"]
[PlyCount "123"]
[EventDate "2009.10.10"]
[EventType "team-tourn"]
[EventRounds "11"]
[EventCountry "SVK"]
[SourceTitle "EXT 2011"]
[Source "ChessBase"]
[SourceDate "2010.11.26"]
[SourceVersion "1"]
[SourceVersionDate "2010.11.26"]
[SourceQuality "1"]
[WhiteTeam "Zilina DMS"]
[BlackTeam "Dolny Kubin"]
[WhiteTeamCountry "SVK"]
[BlackTeamCountry "SVK"]

1. e4 e6 2. Nf3 d5 3. Nc3 dxe4 4. Nxe4 Nd7 5. d4 Ngf6 6. Nxf6+ Nxf6 7. Bd3 Be7 8. 0-0 0-0 9. c3 c5 10. Qc2 Qc7 11. dxc5 Qxc5 12. Re1 b6 13. Be3 Qh5 14. Bd4 Bd6 15. Be5 Bxe5 16. Rxe5 Qh6 17. Be4 Rb8 18. Bc6 Bb7 19. Bxb7 Rxb7 20. Rd1 Rc7 21. Qd2 Qxd2 22. Rxd2 Rd7 23. Rxd7 Nxd7 24. Re4 Ra8 25. Rd4 Nf6 26. Kf1 Kf8 27. Ne5 Ke8 28. Ke2 Rc8 29. Kd3 Nd5 30. a3 f6 31. Nf3 Rd8 32. g3 e5 33. Rc4 Ke7 34. Ke4 Kd6 35. Nh4 g6 36. b4 f5+ 37. Kf3 e4+ 38. Ke2 Rd7 39. Ng2 Rc7 40. Rxc7 Nxc7 41. Kd2 b5 42. Kc2 Nd5 43. Kb3 Nb6 44. Ne3 Ke5 45. c4 bxc4+ 46. Nxc4+ Kd4 47. Nxb6 axb6 48. a4 Kd3 49. a5 bxa5 50. bxa5 Ke2 51. a6 Kxf2 52. a7 e3 53. a8Q e2 54. Qa7+ Kf1 55. Qa6 Kf2 56. Qb6+ Kf1 57. Qb5 Kf2 58. Qc5+ Kf1 59. Qc4 Kf2 60. Qd4+ Kg2 61. Qe3 Kxh2 62. Kc3 1-0

[Event "SVK-chT2C 0607"]
[Site "Slovakia"]
[Date "2006.11.25"]
[Round "3.2"]
[White "Haluska, Peter"]
[Black "Dusik, Tomas"]
[Result "0-1"]
[WhiteElo "2070"]
[BlackElo "2185"]
[PlyCount "118"]
[EventDate "2006.10.14"]
[EventType "team-tourn"]
[EventRounds "11"]
[EventCountry "SVK"]
[SourceTitle "EXT 2008"]
[Source "ChessBase"]
[SourceDate "2007.11.25"]
[SourceVersion "1"]
[SourceVersionDate "2007.11.25"]
[SourceQuality "1"]
[WhiteTeam "Dolny Kubin"]
[BlackTeam "Zilina DMS"]
[WhiteTeamCountry "SVK"]
[BlackTeamCountry "SVK"]

1. e4 c5 2. f4 d5 3. exd5 Qxd5 4. Nc3 Qd8 5. Bb5+ Bd7 6. Bxd7+ Qxd7 7. d3 Nc6 8. Nf3 Nf6 9. 0-0 g6 10. Qe2 Bg7 11. Kh1 0-0 12. Ne5 Nxe5 13. fxe5 Ng4 14. Bf4 Nh6 15. Rae1 Nf5 16. Rf2 b6 17. Qf3 Rad8 18. Re4 Nd4 19. Qg3 b5 20. Be3 Ne6 21. a3 a5 22. a4 b4 23. Nb5 Rb8 24. b3 Rxb5 25. axb5 Qxb5 26. Rc4 Qc6 27. Rf1 Qd5 28. Re4 Nd8 29. Re1 Nc6 30. Bf4 Nd4 31. Qf2 Ra8 32. Ra1 Ra6 33. Ra2 f6 34. exf6 Rxf6 35. Qe1 Nc6 36. h3 Rf5 37. Bc7 Bc3 38. Qe2 Nd4 39. Qg4 Nb5 40. Bg3 e5 41. Re2 Bd4 42. Re1 Qf7 43. Raa1 Nc3 44. h4 h5 45. Qh3 Ne2 46. Rad1 Nxg3+ 47. Qxg3 Bf2 48. Qh3 Bxe1 49. Rxe1 Rf1+ 50. Rxf1 Qxf1+ 51. Kh2 Qf5 52. Qxf5 gxf5 53. Kg3 Kf7 54. Kf3 Ke6 55. g3 Kd6 56. Ke2 Kc6 57. Kd2 Kb5 58. Ke3 a4 59. bxa4+ Kxa4 0-1

[Event "SVK-chT2C 0506"]
[Site "Slovakia"]
[Date "2005.10.23"]
[Round "2.7"]
[White "Haluska, Peter"]
[Black "Sustek, Vladimir"]
[Result "1/2-1/2"]
[WhiteElo "1995"]
[BlackElo "2075"]
[PlyCount "82"]
[EventDate "2005.10.22"]
[EventType "team-tourn"]
[EventRounds "11"]
[EventCountry "SVK"]
[SourceTitle "EXT 2009"]
[Source "ChessBase"]
[SourceDate "2008.11.26"]
[SourceVersion "1"]
[SourceVersionDate "2008.11.26"]
[SourceQuality "1"]

1. e4 g6 2. d4 Bg7 3. Nf3 d6 4. h3 c5 5. dxc5 Qa5+ 6. Bd2 Qxc5 7. Bc3 Nf6 8. Nbd2 0-0 9. Bd3 Qc7 10. 0-0 Nbd7 11. Nb3 b6 12. Re1 e5 13. Bb5 a6 14. Bxd7 Bxd7 15. Bb4 Ne8 16. Qd2 a5 17. Bc3 a4 18. Nc1 Rd8 19. Nd3 Qb7 20. Nb4 Nf6 21. Qe2 h6 22. Rad1 Be6 23. a3 Kh7 24. Kh2 b5 25. Nd2 Nh5 26. g3 Nf6 27. f3 Rfe8 28. Qf2 Ng8 29. Nf1 f5 30. Nd2 Nf6 31. Qe2 fxe4 32. fxe4 Qd7 33. Qg2 h5 34. Nf3 Bg8 35. Bxe5 Ng4+ 36. hxg4 Bxe5 37. gxh5 gxh5 38. Nxe5 Rxe5 39. Nd5 Bxd5 40. Rxd5 Rg8 41. Red1 Qg4 1/2-1/2